00301nam a2200121Ia 4500008004100000020001500041041001200056100001700068245003900085260003300124300000800157650001400165221030s9999 xx 000 0 und d a8126531004 aEnglish aR. K. Maurya 0aComputer Graphicscby R. K. Maurya bWilley Pub.aNew Delhic2013 a389 aComputers